000 00609nam a2200229Ia 4500
005 20260320202004.0
008 008 262003s9999 xx 000 0 eng d
037 _aEBOOK
040 _aCRL
040 _beng
040 _cCRL
041 _2eng
041 _aeng
084 _qCRL
100 _aSchroeder
245 0 _aVisual Studio 2019 Tricks and Techniques: A developer's guide to writing better code and maximizing productivity
260 _bIEEE
856 _uhttps://ieeexplore.ieee.org/servlet/opac?bknumber=10162553
942 _cEBOOK
999 _c1724676
_d1724676